[Event "V. Korchnoy Memorial 2018"]
[Site "St. Petersburg"]
[Date "2018.08.17"]
[Round "3"]
[White "Tsydypov, Zhamsaran"]
[Black "Tran, Minh Thang"]
[Result "1-0"]
[WhiteElo "2520"]
[BlackElo "2335"]
[Annotator "ChessBase"]
[PlyCount "71"]
[EventDate "2018.08.15"]
[EventType "swiss"]
[EventCountry "RUS"]
[SourceTitle "playchess.com"]
[Source "ChessBase"]
[SourceQuality "1"]
[TimeControl "5400+30"]

1. e4 {[%emt 0:00:01]} c5 {[%emt 0:00:00]} 2. Nf3 {[%emt 0:00:16]} e6 {[%emt 0:00:00]} 3. d4 {[%emt 0:00:18]} cxd4 {[%emt 0:00:01]} 4. Nxd4 {[%emt 0:00:04]} a6 {[%emt 0:00:08]} 5. Nc3 {[%emt 0:00:13]} d6 {[%emt 0:00:19]} 6. Bd3 {[%emt 0:02:24]} Nf6 {[%emt 0:00:56]} 7. O-O {[%emt 0:01:21]} Be7 {[%emt 0:00:33]} 8. a4 {[%emt 0:01:01]} O-O {[%emt 0:07:59]} 9. a5 {[%emt 0:05:43]} e5 {[%emt 0:05:27]} 10. Nb3 {[%emt 0:01:01]} Be6 {[%emt 0:01:43]} 11. Nd5 {[%emt 0:04:35]} Nxd5 {[%emt 0:18:20]} 12. exd5 {[%emt 0:00:02]} Bc8 {[%emt 0:00:11]} 13. Be3 {[%emt 0:04:38]} Nd7 {[%emt 0:06:42]} 14. c4 {[%emt 0:01:47]} g6 {[%emt 0:09:16]} 15. Qd2 {[%emt 0:03:16]} f5 {[%emt 0:01:17]} 16. f3 {[%emt 0:00:30]} Nf6 {[%emt 0:10:29]} 17. Bb6 {[%emt 0:02:39]} Qe8 {[%emt 0:00:29]} 18. c5 {[%emt 0:04:45]} Kg7 {[%emt 0:02:47]} 19. Bc4 {[%emt 0:01:27]} Bd7 {[%emt 0:00:36]} 20. Qb4 {[%emt 0:05:59]} Rc8 {[%emt 0:09:31]} 21. Rac1 {[%emt 0:13:40]} Rf7 {[%emt 0:09:58]} 22. cxd6 {[%emt 0:00:59]} Bf8 {[%emt 0:01:35]} 23. Rfe1 {[%emt 0:03:20]} Bb5 {[%emt 0:03:27]} 24. Bxb5 {[%emt 0:03:02]} axb5 {[%emt 0:00:26]} 25. Rxc8 {[%emt 0:02:15]} Qxc8 {[%emt 0:00:13]} 26. Rxe5 {[%emt 0:01:18]} Qc4 {[%emt 0:02:56]} 27. Qxc4 {[%emt 0:00:54]} bxc4 {[%emt 0:00:28]} 28. Re6 {[%emt 0:05:07]} cxb3 {[%emt 0:01:05]} 29. Bd4 {[%emt 0:00:08]} g5 {[%emt 0:00:09]} 30. Kf1 {[%emt 0:01:26]} f4 {[%emt 0:01:03]} 31. Bxf6+ {[%emt 0:00:28]} Rxf6 {[%emt 0:00:20]} 32. d7 {[%emt 0:00:05]} Rxe6 {[%emt 0:00:41]} 33. d8=Q {[%emt 0:00:08]} Rf6 {[%emt 0:00:26]} 34. Qc7+ {[%emt 0:00:37]} Rf7 {[%emt 0:00:14]} 35. Qe5+ {[%emt 0:00:11]} Kg6 {[%emt 0:00:07]} 36. d6 {[%emt 0:00:08]} 1-0

[Event "V. Korchnoy Memorial 2018"]
[Site "St. Petersburg"]
[Date "2018.08.17"]
[Round "3"]
[White "Kjartansson, Gudmundur"]
[Black "Kokarev, Dmitry"]
[Result "1/2-1/2"]
[WhiteElo "2434"]
[BlackElo "2608"]
[Annotator "TA"]
[PlyCount "112"]
[EventDate "2018.08.15"]
[EventType "swiss"]
[EventCountry "RUS"]
[SourceTitle "playchess.com"]
[Source "ChessBase"]
[SourceQuality "1"]

{[%evp 20,112,18,0,0,0,0,0,0,-11,0,-8,0,-12,-5,-24,-7,-27,-22,-16,-24,-24,-13,-29,-2,-21,-9,-8,0,0,0,0,0,0,0,0,0,0,0,0,0,0,0,0,0,-8,-8,-8,-8,-8,-11,-8,0,0,0,0,0,0,0,0,0,0,0,0,0,0,-8,-8,0,-8,-8,-8,-8,-8,-8,-8,-8,-8,-8,-8,-8,-8,-8,-8,-8,-8,-8,-8,-8,-8,-8,-8,-8,-8,-8]} 1. d4 Nf6 2. c4 g6 3. Nf3 Bg7 4. g3 d5 5. cxd5 Nxd5 6. Bg2 Nb6 7. O-O Nc6 8. e3 O-O 9. Nc3 Re8 10. h3 a5 {D76: Grünfeldindisch (Fianchetto HV 7... Sb6)} 11. Qe2 {LiveBook: 3 Partien} e5 12. dxe5 Nxe5 13. Nxe5 Bxe5 {[#]} 14. Qc2 $146 ({Vorgänger:} 14. Rd1 Qe7 15. e4 Be6 16. Be3 Bxc3 17. bxc3 Nc4 18. Bf4 {1-0 (53) Pakleza,Z (2517)-Najer,E (2658) Las Vegas 2015}) 14... Qe7 15. e4 Be6 16. Kh2 c6 17. f4 Bd4 18. Ne2 Bg7 19. Re1 Rad8 20. Ng1 Qb4 21. Nf3 Na4 22. e5 {Die Stellung ist ausgeglichen.} Bf5 23. Qf2 Nc5 {zielt auf ...Sd3 ab.} 24. Bd2 Qb5 25. a4 Nxa4 {[#]} 26. b3 $1 {[%mdl 512]} Nb2 (26... Qxb3 27. Bxa5) 27. Nd4 {[%cal Bf3d4,Bd4b5,Bb5d6][%mdl 32]} Nd3 $1 28. Nxb5 Nxf2 29. Nd6 Nd3 30. Nxe8 Nxe1 31. Bxe1 Rxe8 32. Rxa5 f6 {[%cal Rf6e5]} 33. g4 Bc2 {[%cal Rf6e5]} 34. Ra2 Bxb3 35. Rb2 Ba4 36. Rxb7 fxe5 37. Bc3 Bh8 38. Bf1 {[#] Und Lc4+ würde nun gewinnen.} Bb5 $1 {[%cal Rb5f1]} 39. Bxb5 cxb5 40. Rxb5 {[%cal Rf4e5]} exf4 41. Bxh8 $11 {[%mdl 4096] Endspiel Und weiter mit Le5 wäre nett. KTL-KT} Re2+ 42. Kg1 Kxh8 {KT-KT} 43. g5 Re3 44. Rb8+ Kg7 45. Rb7+ Kg8 46. h4 Rh3 47. Kg2 Rxh4 {Droht ...Tg4+ und aus.} 48. Kf3 Rh1 49. Kxf4 Rf1+ 50. Kg4 Rf7 51. Rxf7 Kxf7 {KBB-KB} 52. Kf4 Ke8 {Weiss muss nun ...Ke7 beachten.} 53. Ke4 Kf8 54. Kf4 Kg7 55. Kf3 h6 56. gxh6+ Kxh6 {Precision: Weiß = 80%, Schwarz = 81%.} 1/2-1/2

[Event "V. Korchnoy Memorial 2018"]
[Site "St. Petersburg"]
[Date "2018.08.17"]
[Round "3"]
[White "Bajarani, Ulvi"]
[Black "Ponkratov, Pavel"]
[Result "0-1"]
[WhiteElo "2425"]
[BlackElo "2605"]
[Annotator "RC"]
[PlyCount "100"]
[EventDate "2018.08.15"]
[EventType "swiss"]
[EventCountry "RUS"]
[SourceTitle "playchess.com"]
[Source "ChessBase"]
[SourceQuality "1"]
[TimeControl "5400+30"]

1. e4 {[%emt 0:00:00]} e6 {[%emt 0:00:17]} 2. d4 {[%emt 0:00:00]} d5 {[%emt 0:00:03]} 3. Nd2 {[%emt 0:00:00]} c5 {[%emt 0:00:05]} 4. exd5 {[%emt 0:00:00]} Qxd5 {[%emt 0:00:04]} 5. Ngf3 {[%emt 0:00:09]} Nf6 {[%emt 0:01:57]} 6. Bc4 {[%emt 0:02:24]} Qd8 {[%emt 0:00:06]} 7. O-O {[%emt 0:01:08]} a6 {[%emt 0:00:46]} 8. dxc5 {[%emt 0:00:55]} Bxc5 {[%emt 0:00:07]} 9. Qe2 {[%emt 0:00:35]} Qc7 {[%emt 0:07:12]} 10. Ne4 {[%emt 0:02:35]} Be7 {[%emt 0:00:04]} 11. Bd3 {[%emt 0:08:37]} Nbd7 {[%emt 0:00:33]} 12. Bg5 {[%emt 0:01:53]} h6 {[%emt 0:02:01]} 13. Nxf6+ {[%emt 0:01:04]} Bxf6 {[%emt 0:00:56]} 14. Bxf6 {[%emt 0:00:11]} Nxf6 {[%emt 0:00:04]} 15. Ne5 {[%emt 0:01:44]} b6 {[%emt 0:01:45]} 16. Rfe1 {[%emt 0:03:58]} Bb7 {[%emt 0:06:32]} 17. Rad1 {[%emt 0:00:58]} O-O {[%emt 0:00:24]} 18. c3 {[%emt 0:03:21]} Rfd8 {[%emt 0:00:17]} 19. Bc2 {[%emt 0:01:40]} Rxd1 {[%emt 0:01:52]} 20. Rxd1 {[%emt 0:00:09]} Rd8 {[%emt 0:00:28]} 21. Rxd8+ {[%emt 0:02:09]} Qxd8 {[%emt 0:00:06]} 22. Qd3 {[%emt 0:00:17]} Qc7 {[%emt 0:02:59]} 23. Qd4 {[%emt 0:00:16]} Nd5 {[%emt 0:01:22]} 24. h3 {[%emt 0:09:41]} f6 {[%emt 0:04:41]} 25. Ng6 {[%emt 0:00:44]} Kf7 {[%emt 0:11:10]} 26. Nh8+ {[%emt 0:00:42]} Kf8 {[%emt 0:00:15]} 27. Ng6+ {[%emt 0:00:06]} Ke8 {[%emt 0:05:22]} 28. c4 {[%emt 0:08:17]} Ne7 {[%emt 0:06:13]} 29. Nxe7 {[%emt 0:00:58]} Kxe7 {[%emt 0:00:06]} 30. Qg4 {[%emt 0:00:09]} g5 {[%emt 0:00:37]} 31. Qd4 {[%emt 0:09:41]} Qc6 {[%emt 0:00:38]} 32. f3 {[%emt 0:00:08]} Qc5 {[%emt 0:00:04]} 33. Qxc5+ {[%emt 0:00:08]} bxc5 {[%emt 0:00:04]} 34. Kf2 {[%emt 0:00:15]} f5 {[%emt 0:00:23]} 35. Ke3 {[%emt 0:08:00]} h5 {[%emt 0:02:20]} 36. g4 {[%emt 0:04:00]} hxg4 {[%emt 0:08:27]} 37. hxg4 {[%emt 0:00:05]} f4+ {[%emt 0:00:03]} 38. Ke2 {[%emt 0:00:10]} Kd6 {[%emt 0:00:39]} 39. Bd1 {[%emt 0:00:29]} Bc6 {[%emt 0:00:35]} 40. Kd3 {[%emt 0:01:21]} a5 {[%emt 0:00:05]} 41. b3 {[%emt 0:01:47]} e5 {[%emt 0:08:46]} 42. a3 {[%emt 0:08:56]} Ke6 {[%emt 0:03:20]} 43. Be2 {[%emt 0:01:21]} a4 {[%emt 0:02:15]} 44. b4 {[%emt 0:00:23]} e4+ {[%emt 0:04:44]} 45. fxe4 {[%emt 0:00:06]} Ke5 {[%emt 0:00:03]} 46. b5 {[%emt 0:03:18]} Bxe4+ {[%emt 0:01:03]} 47. Kd2 {[%emt 0:00:17]} Kd4 {[%emt 0:01:31]} 48. b6 {[%emt 0:01:21]} Bb7 {[%emt 0:00:32]} 49. Bd3 {[%emt 0:02:36]} f3 {[%emt 0:00:49]} 50. Bf1 {[%emt 0:02:33]} Ke4 {[%emt 0:00:08]} 0-1

[Event "V. Korchnoy Memorial 2018"]
[Site "St. Petersburg"]
[Date "2018.08.17"]
[Round "3"]
[White "Bachin, Vitaly"]
[Black "Chigaev, Maksim"]
[Result "0-1"]
[WhiteElo "2406"]
[BlackElo "2577"]
[Annotator "RC"]
[PlyCount "88"]
[EventDate "2018.08.15"]
[EventType "swiss"]
[EventCountry "RUS"]
[SourceTitle "playchess.com"]
[Source "ChessBase"]
[SourceQuality "1"]
[TimeControl "5400+30"]

1. e4 c5 2. Nc3 Nc6 3. f4 g6 4. Nf3 Bg7 5. g3 d6 6. Bg2 e6 7. d3 Nge7 8. O-O O-O 9. Rb1 b6 10. Bd2 Bb7 11. g4 f5 12. exf5 exf5 13. gxf5 Nxf5 14. Ng5 Qd7 15. Bd5+ Kh8 16. Ne6 Bd4+ 17. Nxd4 Ncxd4 18. Be4 d5 19. Bh1 Rae8 20. Rf2 Ne3 21. Bxe3 Rxe3 22. Bg2 Nf5 23. Qg4 Qf7 24. a3 Ree8 25. Qf3 Ba8 26. Bh1 Re3 27. Qg4 Rfe8 28. Rbf1 Re1 29. Nd1 R1e7 30. Bf3 Bb7 31. Kh1 Bc8 32. Qg2 d4 33. Be4 Nd6 34. Bd5 Be6 35. Bxe6 Rxe6 36. Qd5 Nf5 37. Re2 Kg7 38. Rxe6 Qxe6 39. Qg2 Qe2 40. b4 Qxg2+ 41. Kxg2 Re2+ 42. Rf2 Re1 43. Nb2 cxb4 44. axb4 b5 0-1

[Event "V. Korchnoy Memorial 2018"]
[Site "St. Petersburg"]
[Date "2018.08.17"]
[Round "3"]
[White "Lugovskoy, Maxim"]
[Black "Pridorozhni, Aleksei"]
[Result "1/2-1/2"]
[WhiteElo "2405"]
[BlackElo "2564"]
[Annotator "TA"]
[PlyCount "64"]
[EventDate "2018.08.15"]
[EventType "swiss"]
[EventCountry "RUS"]
[SourceTitle "playchess.com"]
[Source "ChessBase"]
[SourceQuality "1"]

{[%evp 24,64,-20,-22,0,-8,-15,-31,1,-42,-40,-51,-47,-38,-11,-15,-18,-21,-23,-32,-24,-24,-22,-55,-54,-115,0,-87,-72,-111,-94,-91,-87,-138,0,0,0,-139,0,0,0,-149,0]} 1. d4 d5 2. c4 e6 3. Nf3 c6 4. g3 Nf6 5. Bg2 dxc4 6. O-O b5 7. Ne5 Bb7 8. a4 a6 9. Nc3 Nd5 10. e4 Nxc3 11. bxc3 Nd7 12. f4 {E04: Open Catalan: 5 Nf3} (12. Bf4 Be7 13. d5 Nxe5 14. Bxe5 f6 15. d6 fxe5 16. Qh5+ g6 17. Qxe5 Kf7 18. dxe7 Qxe7 19. Qf4+ Kg7 20. Qe5+ Qf6 21. Qc7+ Qf7 22. Qe5+ Qf6 {½-½ (22) Bindrich,F (2594)-Duda,J (2658) Berlin 2015}) 12... Be7 13. Rb1 {LiveBook: 4 Games} Rb8 $146 ({Predecessor:} 13... Nxe5 14. fxe5 O-O 15. Qg4 Kh8 16. axb5 axb5 17. h4 c5 18. Rxb5 Bc6 19. Rb2 cxd4 {1-0 (28) Korley,K (2350)-Enkhbat,T (2364) ICC INT 2011}) 14. Nxd7 {The position is equal.} Qxd7 ({Don't play} 14... Kxd7 15. f5 $14) 15. f5 exf5 16. Rxf5 O-O 17. Be3 Bc8 18. Rf2 Qd8 19. e5 Bd7 20. axb5 axb5 21. Be4 Rc8 22. Qc2 h6 23. h4 Be6 24. Rbf1 (24. Qd1 $15) 24... Qd7 (24... c5 $17 25. d5 Bxd5 26. Bh7+ Kh8) 25. Qd2 (25. Bxh6 $1 $11 gxh6 26. Qe2) 25... f5 $17 26. exf6 Rxf6 27. Rxf6 Bxf6 28. Bb1 (28. Bxh6 $142 b4 29. Be3) 28... Bd5 ({Black should try} 28... Re8 $1 $17 29. Bxh6 Re7) 29. Bf5 $11 Be6 $40 {[%mdl 128] Black mounts an attack.} (29... Qd8 $11) 30. Bb1 $1 $17 {[#]} Bd5 ({Better is} 30... Re8 $1 $17 31. Bxh6 Bd5) 31. Bf5 $11 Be6 (31... Qe8 $11) 32. Bb1 $1 $17 {[#]} Bd5 {Precision: White = 66%, Black = 31%.} (32... Re8 $1 $17 33. Bxh6 Bd5) 1/2-1/2

[Event "V. Korchnoy Memorial 2018"]
[Site "St. Petersburg"]
[Date "2018.08.17"]
[Round "3"]
[White "Murtazin, Bulat"]
[Black "Vavulin, Maksim"]
[Result "0-1"]
[WhiteElo "2404"]
[BlackElo "2545"]
[Annotator "TA"]
[PlyCount "80"]
[EventDate "2018.08.15"]
[EventType "swiss"]
[EventCountry "RUS"]
[SourceTitle "playchess.com"]
[Source "ChessBase"]
[SourceQuality "1"]

{[%evp 9,80,24,26,0,14,-11,-15,-7,-18,-7,-12,-34,-32,-39,-32,-45,-43,-46,-32,-12,27,29,46,16,37,24,23,12,26,10,26,16,11,0,16,-84,-82,-110,-110,-103,-107,-113,-113,-108,-113,-106,-96,-185,-164,-129,-151,-198,-201,-188,-191,-206,-208,-202,-198,-179,-184,-310,-306,-294,-170,-586,-593,-566,-566,-569,-556,-613,-577]} 1. d4 d6 2. e4 g6 3. Bc4 Bg7 4. Nf3 Nf6 5. Nc3 O-O {LiveBook: 240 Games} 6. Qd3 {B08: Pirc Defence: Classical System} (6. O-O Nxe4 7. Nxe4 d5 8. Bd3 dxe4 9. Bxe4 Nd7 10. c3 c5 11. Bc2 cxd4 12. Nxd4 Ne5 13. Qe2 Bg4 14. Qe4 Qc8 15. Bb3 e6 16. Bf4 Bf5 17. Qe3 Nc4 18. Qe2 Na5 19. Nxf5 gxf5 {½-½ (43) Vitiugov,N (2722)-Dubov,D (2683) St Petersburg 2017}) 6... Nc6 7. O-O Bg4 8. Ne1 {The position is equal.} e5 9. d5 $146 {[%cal Rd5c6]} ({Predecessor:} 9. Be3 Re8 10. d5 Nd4 11. f3 Bd7 12. Ne2 Nxe2+ 13. Qxe2 Nh5 14. Nd3 f5 {0-1 (50) Myshkin,N-Zakarzhaev,M Serpukhov 2001}) 9... Na5 10. Bb5 a6 11. Ba4 b5 12. b4 bxa4 13. bxa5 Bd7 14. Rb1 Nh5 15. Qc4 Qc8 16. Nf3 h6 17. Bd2 f5 18. Nh4 Kh7 19. exf5 gxf5 {[%cal Bg6f5,Bf5f4][%mdl 32]} 20. Qe2 Be8 21. Rb4 Bf6 22. Qd3 (22. Nf3 $11 {keeps the balance.}) 22... e4 $36 {[%mdl 2048] Black is on the roll.} 23. Qh3 f4 24. Nxe4 Qxh3 25. Nxf6+ Nxf6 26. gxh3 Rg8+ 27. Kh1 Nxd5 28. Re4 (28. Rd4 $17) 28... Bc6 $1 $19 {aiming for ...Nf6.} 29. f3 Rae8 30. Rfe1 Rxe4 31. Rxe4 {[#]} Rb8 $1 32. c4 Rb1+ 33. Re1 Rxe1+ 34. Bxe1 {[%mdl 4096] Endgame KBN-KBN} Ne3 35. c5 (35. Bd2 $142) 35... dxc5 36. Bd2 a3 (36... Bd5 $142 37. a3 Nc2) 37. Bc1 $2 {[#]} (37. Kg1) 37... Nc2 $1 {Black is clearly winning.} 38. Kg1 Bd5 39. Kf2 {If White can now play Ng2 this consolidates a bit.} Bxa2 40. Ke2 Bd5 {Precision: White = 40%, Black = 71%.} 0-1

[Event "V. Korchnoy Memorial 2018"]
[Site "St. Petersburg"]
[Date "2018.08.17"]
[Round "3"]
[White "Bykov, Oleg"]
[Black "Levin, Evgeny A"]
[Result "1/2-1/2"]
[WhiteElo "2383"]
[BlackElo "2523"]
[Annotator "ChessBase"]
[PlyCount "61"]
[EventDate "2018.08.15"]
[EventType "swiss"]
[EventCountry "RUS"]
[SourceTitle "playchess.com"]
[Source "ChessBase"]
[SourceQuality "1"]
[TimeControl "5400+30"]

1. d4 {[%emt 0:02:56]} Nf6 {[%emt 0:00:00]} 2. c4 {[%emt 0:00:05]} e6 {[%emt 0:00:00]} 3. Nf3 {[%emt 0:00:04]} b6 {[%emt 0:00:00]} 4. g3 {[%emt 0:00:08]} Bb7 {[%emt 0:00:00]} 5. Bg2 {[%emt 0:00:08]} Be7 {[%emt 0:00:00]} 6. O-O {[%emt 0:00:06]} O-O {[%emt 0:00:01]} 7. d5 {[%emt 0:02:58]} exd5 {[%emt 0:00:20]} 8. Nh4 {[%emt 0:00:13]} c6 {[%emt 0:00:26]} 9. cxd5 {[%emt 0:00:38]} Nxd5 {[%emt 0:00:04]} 10. Nf5 {[%emt 0:00:13]} Nc7 {[%emt 0:02:13]} 11. e4 {[%emt 0:03:27]} d5 {[%emt 0:01:27]} 12. Nc3 {[%emt 0:03:58]} Bf6 {[%emt 0:03:15]} 13. exd5 {[%emt 0:01:11]} cxd5 {[%emt 0:00:54]} 14. Bf4 {[%emt 0:00:29]} Nba6 {[%emt 0:00:42]} 15. Re1 {[%emt 0:00:13]} Bc8 {[%emt 0:01:02]} 16. Nd6 {[%emt 0:09:49]} Bxc3 {[%emt 0:08:56]} 17. bxc3 {[%emt 0:01:28]} Be6 {[%emt 0:00:08]} 18. c4 {[%emt 0:08:42]} dxc4 {[%emt 0:03:10]} 19. Bxa8 {[%emt 0:01:14]} Qxa8 {[%emt 0:00:17]} 20. Rc1 {[%emt 0:07:11]} Nc5 {[%emt 0:35:11]} 21. Nxc4 {[%emt 0:10:18]} Nb5 {[%emt 0:10:37]} 22. Be5 {[%emt 0:11:48]} Rd8 {[%emt 0:00:09]} 23. Qh5 {[%emt 0:00:37]} Nd3 {[%emt 0:09:58]} 24. Bxg7 {[%emt 0:15:34]} Nxe1 {[%emt 0:02:38]} 25. Rxe1 {[%emt 0:00:07]} Kxg7 {[%emt 0:02:44]} 26. Qg5+ {[%emt 0:04:46]} Kf8 {[%emt 0:00:17]} 27. Qh6+ {[%emt 0:01:17]} Kg8 {[%emt 0:00:22]} 28. Qg5+ {[%emt 0:00:05]} Kf8 {[%emt 0:00:04]} 29. Qh6+ {[%emt 0:00:10]} Kg8 {[%emt 0:00:19]} 30. Qg5+ {[%emt 0:00:07]} Kf8 {[%emt 0:00:07]} 31. Qh6+ {[%emt 0:00:07]} 1/2-1/2

[Event "V. Korchnoy Memorial 2018"]
[Site "St. Petersburg"]
[Date "2018.08.17"]
[Round "3"]
[White "Apryshko, Gleb"]
[Black "Tran, Tuan Minh"]
[Result "1-0"]
[WhiteElo "2377"]
[BlackElo "2520"]
[Annotator "ChessBase"]
[PlyCount "151"]
[EventDate "2018.08.15"]
[EventType "swiss"]
[EventCountry "RUS"]
[SourceTitle "playchess.com"]
[Source "ChessBase"]
[SourceQuality "1"]
[TimeControl "5400+30"]

1. e4 {[%emt 0:00:22]} c5 {[%emt 0:00:00]} 2. Nf3 {[%emt 0:00:20]} d6 {[%emt 0:00:00]} 3. d4 {[%emt 0:00:09]} cxd4 {[%emt 0:00:03]} 4. Qxd4 {[%emt 0:00:06]} Nc6 {[%emt 0:00:05]} 5. Bb5 {[%emt 0:00:09]} a6 {[%emt 0:00:06]} 6. Bxc6+ {[%emt 0:00:14]} bxc6 {[%emt 0:00:04]} 7. c4 {[%emt 0:09:20]} e5 {[%emt 0:01:08]} 8. Qd3 {[%emt 0:00:46]} Ne7 {[%emt 0:02:01]} 9. c5 {[%emt 0:03:52]} Ng6 {[%emt 0:01:35]} 10. cxd6 {[%emt 0:07:22]} Qxd6 {[%emt 0:01:00]} 11. Qxd6 {[%emt 0:02:21]} Bxd6 {[%emt 0:00:03]} 12. Nbd2 {[%emt 0:04:34]} a5 {[%emt 0:00:14]} 13. Nc4 {[%emt 0:04:03]} Bc7 {[%emt 0:02:09]} 14. b3 {[%emt 0:17:48]} a4 {[%emt 0:02:09]} 15. Ba3 {[%emt 0:00:31]} Be6 {[%emt 0:02:34]} 16. O-O {[%emt 0:05:25]} f6 {[%emt 0:03:51]} 17. g3 {[%emt 0:02:54]} Kf7 {[%emt 0:01:27]} 18. Rfc1 {[%emt 0:03:42]} Rhd8 {[%emt 0:08:29]} 19. Kg2 {[%emt 0:01:48]} Rd3 {[%emt 0:28:28]} 20. Nb2 {[%emt 0:02:27]} Rxf3 {[%emt 0:08:54]} 21. Kxf3 {[%emt 0:00:06]} axb3 {[%emt 0:00:06]} 22. axb3 {[%emt 0:00:28]} Bb6 {[%emt 0:00:15]} 23. Na4 {[%emt 0:17:47]} Bd4 {[%emt 0:00:28]} 24. Bb2 {[%emt 0:00:02]} Rxa4 {[%emt 0:01:40]} 25. bxa4 {[%emt 0:00:02]} Bxb2 {[%emt 0:00:05]} 26. a5 {[%emt 0:00:20]} Bc8 {[%emt 0:15:22]} 27. Rcb1 {[%emt 0:01:21]} Bxa1 {[%emt 0:12:29]} 28. Rxa1 {[%emt 0:00:02]} Nf8 {[%emt 0:02:48]} 29. a6 {[%emt 0:00:10]} Ne6 {[%emt 0:00:04]} 30. a7 {[%emt 0:00:24]} Bb7 {[%emt 0:00:20]} 31. a8=Q {[%emt 0:03:27]} Bxa8 {[%emt 0:01:18]} 32. Rxa8 {[%emt 0:00:04]} Nd4+ {[%emt 0:02:56]} 33. Ke3 {[%emt 0:00:27]} g5 {[%emt 0:03:02]} 34. Ra7+ {[%emt 0:01:40]} Kg6 {[%emt 0:00:04]} 35. h3 {[%emt 0:05:49]} h5 {[%emt 0:01:41]} 36. Rc7 {[%emt 0:00:02]} g4 {[%emt 0:00:30]} 37. h4 {[%emt 0:00:19]} Kh6 {[%emt 0:00:24]} 38. Kd3 {[%emt 0:01:03]} Kg6 {[%emt 0:00:19]} 39. Rd7 {[%emt 0:01:19]} Nf3 {[%emt 0:00:44]} 40. Kc4 {[%emt 0:02:36]} Nd4 {[%emt 0:00:19]} 41. Re7 {[%emt 0:01:51]} Nf3 {[%emt 0:00:36]} 42. Rd7 {[%emt 0:00:10]} Nd4 {[%emt 0:00:01]} 43. Kc5 {[%emt 0:00:33]} Ne2 {[%emt 0:00:03]} 44. Rd3 {[%emt 0:01:23]} Nd4 {[%emt 0:00:01]} 45. Kd6 {[%emt 0:00:00]} Kf7 {[%emt 0:00:14]} 46. Re3 {[%emt 0:01:46]} Kg6 {[%emt 0:00:43]} 47. Re1 {[%emt 0:00:22]} Kf7 {[%emt 0:01:33]} 48. Rb1 {[%emt 0:00:56]} Kg6 {[%emt 0:00:09]} 49. Rb7 {[%emt 0:00:32]} Ne2 {[%emt 0:00:46]} 50. Rb3 {[%emt 0:01:12]} Nd4 {[%emt 0:00:05]} 51. Rb8 {[%emt 0:00:26]} Ne2 {[%emt 0:00:48]} 52. Ke7 {[%emt 0:00:11]} Nc3 {[%emt 0:00:17]} 53. Rg8+ {[%emt 0:00:11]} Kh7 {[%emt 0:00:05]} 54. Kf7 {[%emt 0:00:43]} Nxe4 {[%emt 0:00:00]} 55. Rg7+ {[%emt 0:00:41]} Kh6 {[%emt 0:00:01]} 56. Rg6+ {[%emt 0:00:15]} Kh7 {[%emt 0:00:00]} 57. Rg7+ {[%emt 0:00:06]} Kh6 {[%emt 0:00:01]} 58. Rg8 {[%emt 0:00:06]} Kh7 {[%emt 0:00:08]} 59. Ra8 {[%emt 0:01:17]} c5 {[%emt 0:00:36]} 60. Ke6 {[%emt 0:00:51]} Kg7 {[%emt 0:02:35]} 61. Kf5 {[%emt 0:00:28]} Nd6+ {[%emt 0:00:13]} 62. Ke6 {[%emt 0:00:01]} Ne4 {[%emt 0:02:06]} 63. Ra4 {[%emt 0:01:16]} Nxf2 {[%emt 0:00:42]} 64. Kf5 {[%emt 0:00:01]} e4 {[%emt 0:00:17]} 65. Ra7+ {[%emt 0:00:15]} Kh6 {[%emt 0:00:01]} 66. Ra2 {[%emt 0:00:41]} e3 {[%emt 0:01:11]} 67. Re2 {[%emt 0:00:27]} Nd1 {[%emt 0:00:31]} 68. Re1 {[%emt 0:00:22]} Nb2 {[%emt 0:00:31]} 69. Rxe3 {[%emt 0:00:12]} c4 {[%emt 0:00:05]} 70. Re6 {[%emt 0:00:44]} Nd1 {[%emt 0:00:54]} 71. Rxf6+ {[%emt 0:00:05]} Kg7 {[%emt 0:00:01]} 72. Rc6 {[%emt 0:00:16]} Ne3+ {[%emt 0:00:43]} 73. Kf4 {[%emt 0:01:11]} Nd5+ {[%emt 0:00:46]} 74. Kg5 {[%emt 0:00:18]} c3 {[%emt 0:00:25]} 75. Rc5 {[%emt 0:00:33]} Nf6 {[%emt 0:00:36]} 76. Rc7+ {[%emt 0:00:03]} 1-0

[Event "V. Korchnoy Memorial 2018"]
[Site "St. Petersburg"]
[Date "2018.08.17"]
[Round "3"]
[White "Yatzenko, Anton"]
[Black "Kobo, Ori"]
[Result "1/2-1/2"]
[WhiteElo "2356"]
[BlackElo "2510"]
[Annotator "ChessBase"]
[PlyCount "81"]
[EventDate "2018.08.15"]
[EventType "swiss"]
[EventCountry "RUS"]
[SourceTitle "playchess.com"]
[Source "ChessBase"]
[SourceQuality "1"]
[TimeControl "5400+30"]

1. e4 {[%emt 0:00:00]} g6 {[%emt 0:00:17]} 2. d4 {[%emt 0:00:00]} Bg7 {[%emt 0:00:14]} 3. Nf3 {[%emt 0:00:00]} d6 {[%emt 0:00:21]} 4. Bc4 {[%emt 0:00:00]} Nf6 {[%emt 0:00:31]} 5. Qe2 {[%emt 0:00:00]} Nc6 {[%emt 0:00:25]} 6. h3 {[%emt 0:01:05]} e5 {[%emt 0:00:53]} 7. dxe5 {[%emt 0:00:06]} Nxe5 {[%emt 0:00:21]} 8. Nxe5 {[%emt 0:00:13]} dxe5 {[%emt 0:00:03]} 9. O-O {[%emt 0:00:13]} Nh5 {[%emt 0:02:49]} 10. Nc3 {[%emt 0:09:42]} c6 {[%emt 0:04:59]} 11. Be3 {[%emt 0:03:27]} O-O {[%emt 0:05:31]} 12. Rfd1 {[%emt 0:06:35]} Qh4 {[%emt 0:07:12]} 13. Qf3 {[%emt 0:22:02]} Nf4 {[%emt 0:12:38]} 14. Rd2 {[%emt 0:00:42]} Be6 {[%emt 0:06:46]} 15. Bf1 {[%emt 0:06:58]} Qe7 {[%emt 0:13:13]} 16. a3 {[%emt 0:02:02]} b5 {[%emt 0:02:29]} 17. Rad1 {[%emt 0:01:57]} a5 {[%emt 0:03:47]} 18. Rd6 {[%emt 0:02:40]} Rfc8 {[%emt 0:00:29]} 19. Kh2 {[%emt 0:04:20]} Bf8 {[%emt 0:02:48]} 20. g3 {[%emt 0:11:30]} Nh5 {[%emt 0:00:08]} 21. R6d2 {[%emt 0:02:35]} a4 {[%emt 0:00:48]} 22. Ne2 {[%emt 0:02:29]} Nf6 {[%emt 0:09:46]} 23. Bg5 {[%emt 0:02:28]} Kg7 {[%emt 0:02:04]} 24. Qe3 {[%emt 0:04:02]} Qa7 {[%emt 0:03:43]} 25. Qf3 {[%emt 0:06:13]} Be7 {[%emt 0:00:47]} 26. Kg1 {[%emt 0:00:20]} h6 {[%emt 0:01:11]} 27. Be3 {[%emt 0:00:38]} Qb7 {[%emt 0:01:59]} 28. Nc1 {[%emt 0:00:20]} b4 {[%emt 0:04:09]} 29. Nd3 {[%emt 0:05:08]} bxa3 {[%emt 0:00:11]} 30. bxa3 {[%emt 0:00:04]} Ra5 {[%emt 0:00:42]} 31. Ra1 {[%emt 0:02:54]} c5 {[%emt 0:00:22]} 32. Bg2 {[%emt 0:01:39]} c4 {[%emt 0:02:55]} 33. Nb4 {[%emt 0:00:01]} Bxb4 {[%emt 0:01:09]} 34. axb4 {[%emt 0:00:02]} Qxb4 {[%emt 0:00:12]} 35. c3 {[%emt 0:00:20]} Qe7 {[%emt 0:01:24]} 36. Rda2 {[%emt 0:00:09]} Rca8 {[%emt 0:00:47]} 37. Bc1 {[%emt 0:00:14]} a3 {[%emt 0:03:25]} 38. Qe3 {[%emt 0:00:03]} g5 {[%emt 0:00:34]} 39. Qb6 {[%emt 0:01:08]} Ra4 {[%emt 0:00:55]} 40. Be3 {[%emt 0:01:18]} Nd7 {[%emt 0:02:40]} 41. Qc7 {[%emt 0:00:01]} 1/2-1/2